Đề án sắp xếp tổ chức bộ máy và tinh giản biên chế tỉnh Cần Thơ

Wedi'i Gadw mewn:
Manylion Llyfryddiaeth
Awdur Corfforaethol: Ủy ban nhân dân tỉnh Cần Thơ
Fformat: Llyfr
Iaith:Undetermined
Cyhoeddwyd: [Cần Thơ] Ủy ban nhân dân tỉnh Cần Thơ 2000
Pynciau:
Tagiau: Ychwanegu Tag
Dim Tagiau, Byddwch y cyntaf i dagio'r cofnod hwn!
Thư viện lưu trữ: Trung tâm Học liệu Trường Đại học Cần Thơ
LEADER 00642nam a2200181Ia 4500
001 CTU_52786
008 210402s9999 xx 000 0 und d
082 |a 351 
082 |b U523 
110 |a Ủy ban nhân dân tỉnh Cần Thơ 
245 0 |a Đề án sắp xếp tổ chức bộ máy và tinh giản biên chế tỉnh Cần Thơ 
245 0 |c Ủy ban nhân dân tỉnh Cần Thơ 
260 |a [Cần Thơ] 
260 |b Ủy ban nhân dân tỉnh Cần Thơ 
260 |c 2000 
650 |a Public administration 
904 |i H.Mai 
980 |a Trung tâm Học liệu Trường Đại học Cần Thơ